Encyclopaedia of geography V.1 (A-1) (Record no. 195027)

MARC details
000 -LEADER
fixed length control field 00444nam a2200169Ia 4500
005 - DATE AND TIME OF LATEST TRANSACTION
control field 20250409111341.0
008 - FIXED-LENGTH DATA ELEMENTS--GENERAL INFORMATION
fixed length control field 231217s9999 xx 000 0 und d
020 ## - INTERNATIONAL STANDARD BOOK NUMBER
International Standard Book Number 9788176255004
082 ## - DEWEY DECIMAL CLASSIFICATION NUMBER
Classification number 672.89103 REM;1 R
100 ## - MAIN ENTRY--PERSONAL NAME
Personal name Remcay, G.
245 #0 - TITLE STATEMENT
Title Encyclopaedia of geography V.1 (A-1)
250 ## - EDITION STATEMENT
Edition statement 1st ed.
260 ## - PUBLICATION, DISTRIBUTION, ETC. (IMPRINT)
Date of publication, distribution, etc. 2004
Name of publisher, distributor, etc. Sarup & Sons
Place of publication, distribution, etc. New Delhi
300 ## - PHYSICAL DESCRIPTION
Extent 236
650 ## - SUBJECT ADDED ENTRY--TOPICAL TERM
Topical term or geographic name as entry element Encyclopaedia,geography,V.1,(A-1)
942 ## - ADDED ENTRY ELEMENTS (KOHA)
Koha item type Books
Holdings
Date last seen Total Checkouts Full call number Accession number Old discount Price effective from Category Public note Lost status Damaged status Department Withdrawn status bill date Permanent Location Current Location Shelving location Entry date Grants Currency symbol Conversion rate Discount Discount type
26/01/2024   672.89103 REM;1 R 85854   26/01/2024 Books Donated By Education Library     Central Library   21/09/2020 Central Library Central Library Central Library 16/05/2013 DONATED RS 1   Rupees

© For any Suggestions or Query, please contact the library staff @ librarian@pes.edu or Phone: +9180 2672 1983/ 2108.